Normal view
MARC view
- Mustafa Zaidi
Entry Personal Name
001 - CONTROL NUMBER
- control field: 9864
003 - CONTROL NUMBER IDENTIFIER
- control field: NUST
005 - DATE AND TIME OF LATEST TRANSACTION
- control field: 20180124165021.0
008 - FIXED-LENGTH DATA ELEMENTS
- fixed length control field: 180124|| aca||aabn | a|a d
040 ## - CATALOGING SOURCE
- Original cataloging agency: NUST
- Transcribing agency: NUST
100 ## - HEADING--PERSONAL NAME
- Personal name: Mustafa Zaidi
670 ## - SOURCE DATA FOUND
- Source citation: Work cat.: (NUST)324926: Mustafa Zaidi, Intekhaab-e-Klam Mustafa Zaidi, 2009
